| 000 | 00483nam a22001817a 4500 | ||
|---|---|---|---|
| 999 |
_c531800 _d531800 |
||
| 003 | NUST | ||
| 005 | 20191028134303.0 | ||
| 008 | 191028b ||||| |||| 00| 0 eng d | ||
| 020 | _a9781405132756 | ||
| 024 | _a9781444318890 | ||
| 038 | _aMSOHAIL | ||
| 082 | _a0 | ||
| 100 |
_aStuart Summerhayes _924876 |
||
| 245 | _aDesign Risk Management: Contribution to Health and Safety | ||
| 260 |
_aLondon _bJohn Wiley and Sons _c2010 |
||
| 300 |
_ap;166; _b21cm _ch.b. |
||
| 942 |
_2ddc _cBK |
||